000 00502nam a2200181Ia 4500
008 231221s9999 xx 000 0 und d
020 _a9780000000000
041 _aEnglish
082 _a394.2 GOL;1 R
100 _aGoldblatt, Joe.
245 0 _aSpecial events : a new generation and the next frontier
250 _a6th ed.
260 _c2011
_bJohn Wiley & Sons
_aNew Jersey
300 _axxv, 550 p.
440 _aThe Wiley event management series
500 _aMissing 2020
942 _cHM
999 _c216887
_d216887